| 000 | 00637cam a22002291a 4500 | ||
|---|---|---|---|
| 001 | he 65001157 | ||
| 003 | DLC | ||
| 005 | 20260227111432.0 | ||
| 008 | 871014s1965 is 000 0 hebr | ||
| 010 | _ahe 65001157 | ||
| 035 | _a(OCoLC)16850009 | ||
| 040 |
_aDLC _cNNL _dNNL _dInU _dDLC |
||
| 042 | _apremarc | ||
| 050 | 0 | 0 |
_aPJ5054.A5 _bH3 |
| 100 | 1 |
_aAlterman, Nathan, _d1910-1970. |
|
| 245 | 1 | 0 |
_aḤagigat ḳayits : _bsidrat shirim / _cNatan Alterman. |
| 260 |
_aTel-Avīv : _bMaḥberot le-sifrut, _c725 ( 1964 or 5). |
||
| 300 |
_a183 p. ; _c22 cm. |
||
| 500 | _aPoems. | ||
| 500 | _aRomanized record. | ||
| 500 | _aVocalized. | ||
| 999 |
_c31273 _d31273 |
||